<?xml version="1.0" encoding="UTF-8"?>
<record
    xmlns:xsi="http://www.w3.org/2001/XMLSchema-instance"
    xsi:schemaLocation="http://www.loc.gov/MARC21/slim http://www.loc.gov/standards/marcxml/schema/MARC21slim.xsd"
    xmlns="http://www.loc.gov/MARC21/slim">

  <leader>02115pam a2200337 a 4500</leader>
  <controlfield tag="001">1653106</controlfield>
  <controlfield tag="005">20210414114025.0</controlfield>
  <controlfield tag="008">970506s1998    mau      b    001 0 eng  </controlfield>
  <datafield tag="010" ind1=" " ind2=" ">
    <subfield code="a">   97020964 </subfield>
  </datafield>
  <datafield tag="020" ind1=" " ind2=" ">
    <subfield code="a">0256166994 (acidfree paper)</subfield>
  </datafield>
  <datafield tag="040" ind1=" " ind2=" ">
    <subfield code="a">DLC</subfield>
    <subfield code="c">DLC</subfield>
    <subfield code="d">DLC</subfield>
  </datafield>
  <datafield tag="043" ind1=" " ind2=" ">
    <subfield code="a">n-us---</subfield>
  </datafield>
  <datafield tag="050" ind1="0" ind2="0">
    <subfield code="a">KF1175.C73 </subfield>
  </datafield>
  <datafield tag="082" ind1="0" ind2="0">
    <subfield code="a">346.73/08632</subfield>
    <subfield code="2">21</subfield>
  </datafield>
  <datafield tag="100" ind1="1" ind2=" ">
    <subfield code="a">Crawford, Muriel L.</subfield>
  </datafield>
  <datafield tag="245" ind1="1" ind2="0">
    <subfield code="a">Life and health insurance law. /</subfield>
    <subfield code="c">Muriel L. Crawford.</subfield>
  </datafield>
  <datafield tag="250" ind1=" " ind2=" ">
    <subfield code="a">8th ed.</subfield>
  </datafield>
  <datafield tag="260" ind1=" " ind2=" ">
    <subfield code="a">Boston :</subfield>
    <subfield code="b">Irwin/ McGraw-Hill,</subfield>
    <subfield code="c">1998.</subfield>
  </datafield>
  <datafield tag="300" ind1=" " ind2=" ">
    <subfield code="a">xx, 597 p. :</subfield>
    <subfield code="b">ill. ;</subfield>
    <subfield code="c">26 cm.</subfield>
  </datafield>
  <datafield tag="500" ind1=" " ind2=" ">
    <subfield code="a">"Published for the FLMI Insurance Education Program, Life Management Institute--LOMA, Atlanta, Georgia."</subfield>
  </datafield>
  <datafield tag="504" ind1=" " ind2=" ">
    <subfield code="a">Includes bibliographical references and index.</subfield>
  </datafield>
  <datafield tag="505" ind1=" " ind2=" ">
    <subfield code="a">Contents: Insurance and the law -- Contracts -- Agency -- Agency in life and health insurance contracts -- Structure of life insurance the policy -- Added benefits and limitations -- Property rights in the life insurance policy -- Beneficiary designations and changes -- Settlement agreement, trust and wills -- Premiums and dividends -- Policy loans and nonforfeiture benefits -- Assignments and other transfers -- Lapse and reinstatement -- Equitable remedies -- Policy contests and the incontestable clause -- Performance of the insurance contract -- Group insurance -- Health insurance -- Annuity contracts -- Life and health insurance advertising -- Privacy and insurance -- Insurers and agents as employers.</subfield>
  </datafield>
  <datafield tag="650" ind1=" " ind2="0">
    <subfield code="a">Life insurance</subfield>
    <subfield code="x">Law and legislation</subfield>
    <subfield code="z">United States.</subfield>
  </datafield>
  <datafield tag="650" ind1=" " ind2="0">
    <subfield code="a">Health insurance</subfield>
    <subfield code="x">Law and legislation</subfield>
    <subfield code="z">United States.</subfield>
  </datafield>
  <datafield tag="710" ind1="2" ind2=" ">
    <subfield code="a">Life Office Management Association.</subfield>
    <subfield code="b">Life Management Institute.</subfield>
    <subfield code="b">FLMI Insurance Education Program.</subfield>
  </datafield>
  <datafield tag="856" ind1="4" ind2="2">
    <subfield code="3">Publisher description</subfield>
    <subfield code="u">http://www.loc.gov/catdir/description/mh023/97020964.html</subfield>
  </datafield>
  <datafield tag="856" ind1="4" ind2="1">
    <subfield code="3">Table of contents</subfield>
    <subfield code="u">http://www.loc.gov/catdir/toc/mh022/97020964.html</subfield>
  </datafield>
  <datafield tag="906" ind1=" " ind2=" ">
    <subfield code="a">7</subfield>
    <subfield code="b">cbc</subfield>
    <subfield code="c">orignew</subfield>
    <subfield code="d">1</subfield>
    <subfield code="e">ocip</subfield>
    <subfield code="f">19</subfield>
    <subfield code="g">y-gencatlg</subfield>
  </datafield>
  <datafield tag="942" ind1=" " ind2=" ">
    <subfield code="2">lcc</subfield>
    <subfield code="c">BK</subfield>
  </datafield>
  <datafield tag="999" ind1=" " ind2=" ">
    <subfield code="c">1432</subfield>
    <subfield code="d">8932</subfield>
  </datafield>
  <datafield tag="952" ind1=" " ind2=" ">
    <subfield code="0">0</subfield>
    <subfield code="1">0</subfield>
    <subfield code="2">lcc</subfield>
    <subfield code="4">0</subfield>
    <subfield code="7">0</subfield>
    <subfield code="a">WIUC-1</subfield>
    <subfield code="b">WIUC-1</subfield>
    <subfield code="c">GEN</subfield>
    <subfield code="d">2012-06-19</subfield>
    <subfield code="l">0</subfield>
    <subfield code="o">KF1175.C73</subfield>
    <subfield code="p">3964/12</subfield>
    <subfield code="r">2012-06-19 00:00:00</subfield>
    <subfield code="t">1</subfield>
    <subfield code="w">2012-06-19</subfield>
    <subfield code="y">BK</subfield>
  </datafield>
  <datafield tag="952" ind1=" " ind2=" ">
    <subfield code="0">0</subfield>
    <subfield code="1">0</subfield>
    <subfield code="2">lcc</subfield>
    <subfield code="4">0</subfield>
    <subfield code="7">0</subfield>
    <subfield code="a">WIUC-1</subfield>
    <subfield code="b">WIUC-1</subfield>
    <subfield code="c">GEN</subfield>
    <subfield code="d">2012-06-19</subfield>
    <subfield code="l">0</subfield>
    <subfield code="o">KF1175.C731</subfield>
    <subfield code="p">3965/12</subfield>
    <subfield code="r">2012-06-19 00:00:00</subfield>
    <subfield code="t">2</subfield>
    <subfield code="w">2012-06-19</subfield>
    <subfield code="y">BK</subfield>
  </datafield>
  <datafield tag="952" ind1=" " ind2=" ">
    <subfield code="0">0</subfield>
    <subfield code="1">0</subfield>
    <subfield code="2">lcc</subfield>
    <subfield code="4">0</subfield>
    <subfield code="7">0</subfield>
    <subfield code="a">WIUC-1</subfield>
    <subfield code="b">WIUC-1</subfield>
    <subfield code="c">GEN</subfield>
    <subfield code="d">2012-06-19</subfield>
    <subfield code="l">0</subfield>
    <subfield code="o">KF1175.C732</subfield>
    <subfield code="p">3966/12</subfield>
    <subfield code="r">2012-06-19 00:00:00</subfield>
    <subfield code="t">3</subfield>
    <subfield code="w">2012-06-19</subfield>
    <subfield code="y">BK</subfield>
  </datafield>
  <datafield tag="952" ind1=" " ind2=" ">
    <subfield code="0">0</subfield>
    <subfield code="1">0</subfield>
    <subfield code="2">lcc</subfield>
    <subfield code="4">0</subfield>
    <subfield code="7">0</subfield>
    <subfield code="a">WIUC-1</subfield>
    <subfield code="b">WIUC-1</subfield>
    <subfield code="c">GEN</subfield>
    <subfield code="d">2012-06-19</subfield>
    <subfield code="l">0</subfield>
    <subfield code="o">KF1175.C733</subfield>
    <subfield code="p">3967/12</subfield>
    <subfield code="r">2012-06-19 00:00:00</subfield>
    <subfield code="t">4</subfield>
    <subfield code="w">2012-06-19</subfield>
    <subfield code="y">BK</subfield>
  </datafield>
  <datafield tag="952" ind1=" " ind2=" ">
    <subfield code="0">0</subfield>
    <subfield code="1">0</subfield>
    <subfield code="2">lcc</subfield>
    <subfield code="4">0</subfield>
    <subfield code="7">0</subfield>
    <subfield code="a">WIUC-1</subfield>
    <subfield code="b">WIUC-1</subfield>
    <subfield code="c">GEN</subfield>
    <subfield code="d">2012-06-19</subfield>
    <subfield code="l">0</subfield>
    <subfield code="o">KF1175.C734</subfield>
    <subfield code="p">3968/12</subfield>
    <subfield code="r">2012-06-19 00:00:00</subfield>
    <subfield code="t">5</subfield>
    <subfield code="w">2012-06-19</subfield>
    <subfield code="y">BK</subfield>
  </datafield>
  <datafield tag="952" ind1=" " ind2=" ">
    <subfield code="0">0</subfield>
    <subfield code="1">0</subfield>
    <subfield code="2">lcc</subfield>
    <subfield code="4">0</subfield>
    <subfield code="7">0</subfield>
    <subfield code="a">WIUC-1</subfield>
    <subfield code="b">WIUC-1</subfield>
    <subfield code="c">GEN</subfield>
    <subfield code="d">2012-06-19</subfield>
    <subfield code="l">0</subfield>
    <subfield code="o">KF1175.C735</subfield>
    <subfield code="p">3969/12</subfield>
    <subfield code="r">2012-06-19 00:00:00</subfield>
    <subfield code="t">6</subfield>
    <subfield code="w">2012-06-19</subfield>
    <subfield code="y">BK</subfield>
  </datafield>
  <datafield tag="952" ind1=" " ind2=" ">
    <subfield code="0">0</subfield>
    <subfield code="1">0</subfield>
    <subfield code="2">lcc</subfield>
    <subfield code="4">0</subfield>
    <subfield code="7">0</subfield>
    <subfield code="a">WIUC-1</subfield>
    <subfield code="b">WIUC-1</subfield>
    <subfield code="c">GEN</subfield>
    <subfield code="d">2012-06-19</subfield>
    <subfield code="l">0</subfield>
    <subfield code="o">KF1175.C736</subfield>
    <subfield code="p">3970/12</subfield>
    <subfield code="r">2012-06-19 00:00:00</subfield>
    <subfield code="t">7</subfield>
    <subfield code="w">2012-06-19</subfield>
    <subfield code="y">BK</subfield>
  </datafield>
  <datafield tag="952" ind1=" " ind2=" ">
    <subfield code="0">0</subfield>
    <subfield code="1">0</subfield>
    <subfield code="2">lcc</subfield>
    <subfield code="4">0</subfield>
    <subfield code="7">0</subfield>
    <subfield code="a">WIUC-1</subfield>
    <subfield code="b">WIUC-1</subfield>
    <subfield code="c">GEN</subfield>
    <subfield code="d">2012-06-19</subfield>
    <subfield code="l">0</subfield>
    <subfield code="o">KF1175.C737</subfield>
    <subfield code="p">3971/12</subfield>
    <subfield code="r">2012-06-19 00:00:00</subfield>
    <subfield code="t">8</subfield>
    <subfield code="w">2012-06-19</subfield>
    <subfield code="y">BK</subfield>
  </datafield>
  <datafield tag="952" ind1=" " ind2=" ">
    <subfield code="0">0</subfield>
    <subfield code="1">0</subfield>
    <subfield code="2">lcc</subfield>
    <subfield code="4">0</subfield>
    <subfield code="7">0</subfield>
    <subfield code="a">WIUC-1</subfield>
    <subfield code="b">WIUC-1</subfield>
    <subfield code="c">GEN</subfield>
    <subfield code="d">2012-06-19</subfield>
    <subfield code="l">0</subfield>
    <subfield code="o">KF1175.C738</subfield>
    <subfield code="p">3972/12</subfield>
    <subfield code="r">2012-06-19 00:00:00</subfield>
    <subfield code="t">9</subfield>
    <subfield code="w">2012-06-19</subfield>
    <subfield code="y">BK</subfield>
  </datafield>
  <datafield tag="952" ind1=" " ind2=" ">
    <subfield code="0">0</subfield>
    <subfield code="1">0</subfield>
    <subfield code="2">lcc</subfield>
    <subfield code="4">0</subfield>
    <subfield code="7">0</subfield>
    <subfield code="a">WIUC-1</subfield>
    <subfield code="b">WIUC-1</subfield>
    <subfield code="c">GEN</subfield>
    <subfield code="d">2012-06-19</subfield>
    <subfield code="l">0</subfield>
    <subfield code="o">KF1175.C739</subfield>
    <subfield code="p">3973/12</subfield>
    <subfield code="r">2012-06-19 00:00:00</subfield>
    <subfield code="t">10</subfield>
    <subfield code="w">2012-06-19</subfield>
    <subfield code="y">BK</subfield>
  </datafield>
</record>
